Optical fiber communications

Đã lưu trong:
書目詳細資料
主要作者: Li, Tingye
格式: 圖書
語言:Undetermined
出版: Orlando Academic Press 1985
主題:
標簽: 添加標簽
沒有標簽, 成為第一個標記此記錄!
Thư viện lưu trữ: Trung tâm Học liệu Trường Đại học Cần Thơ
LEADER 00537nam a2200193Ia 4500
001 CTU_97807
008 210402s9999 xx 000 0 und d
082 |a 621.380414 
082 |b L693/Vol.1 
100 |a Li, Tingye 
245 0 |a Optical fiber communications 
245 0 |c Tingye Li 
260 |a Orlando 
260 |b Academic Press 
260 |c 1985 
650 |a Optical fibres,Optical communications 
650 |x Collected works,Collected works 
904 |i Trúc 
980 |a Trung tâm Học liệu Trường Đại học Cần Thơ